| 000 | 00572nam a2200193 a 4500 | ||
|---|---|---|---|
| 005 | 20140310183551.0 | ||
| 008 | 111013s19uu xx 00 eng d | ||
| 020 | _a9781412959827 | ||
| 050 |
_aLB 1027.4 _b.G53 2009 |
||
| 100 | _aGlass, Kathy Tuchman | ||
| 245 |
_aLesson design for differentiated instruction : _bgrade 4-9 / _cKathy Tuchman Glass. |
||
| 260 |
_aCalifornia : _bCorwin, _c2009. |
||
| 300 |
_a193 p. : _bill. ; _c29 cm. |
||
| 521 | _aEDU | ||
| 650 | _aLesson planning | ||
| 650 | _aIndividualized instruction | ||
| 942 |
_cBK _2lcc _kFOR |
||
| 999 |
_c24958 _d24958 |
||